000 00307nam a2200133Ia 4500
008 230312s9999||||xx |||||||||||||| ||und||
082 _a020
_bOFF
245 0 _aOfficial Guide for GMAT
260 _bEducational testing services
_c1998
300 _a530
546 _aEng.
650 _aComputer
942 _cBK
999 _c2867
_d2867